| 000 | 01672nam a22004457a 4500 | ||
|---|---|---|---|
| 001 | 000095488 | ||
| 003 | CHAP | ||
| 005 | 20250912083915.0 | ||
| 008 | 060328d2006 mx ad r 00110 spa d | ||
| 010 | _a91954 | ||
| 011 | _a92926 | ||
| 035 | _a103493 | ||
| 040 | _cCHAP | ||
| 090 | _aTesis | ||
| 100 | 1 |
_aTeva Luna, Julián. _9112507 |
|
| 245 | 1 | 0 |
_aViabilidad de semillas de malezas en sistemas de labranza de conservación y convencional en el Bajio guanajuatense / _c/por Julián Teva Luna. |
| 260 |
_aChapingo, Méx. : _bEl autor, _c2006. |
||
| 300 |
_a61 h. : _bilus. ; gráfs. ; cuadros. |
||
| 502 | _aTesis (Ing. Agr. Esp. en Ftotecnia) -- UACH. Departamento de Fitotecnia | ||
| 590 |
_aALEPH _b10 _c20130110 _lUCH01 _h1510 |
||
| 590 |
_aBATCH-UPD _b10 _c20130110 _lUCH01 _h0147 |
||
| 590 |
_aBATCH-UPD _b10 _c20130110 _lUCH01 _h1824 |
||
| 590 |
_aBATCH-UPD _b10 _c20130410 _lUCH01 _h1158 |
||
| 590 |
_aBATCH-UPD _b10 _c20130913 _lUCH01 _h2132 |
||
| 590 |
_aBATCH-UPD _b10 _c20140324 _lUCH01 _h1455 |
||
| 590 |
_aBATCH-UPD _b10 _c20141002 _lUCH01 _h0829 |
||
| 590 |
_aCONVERSION _b10 _c20130109 _lUCH01 _h1351 |
||
| 590 |
_aE12093SGE _b10 _c20130709 _lUCH01 _h1345 |
||
| 650 | 1 | 4 |
_aAgricultura _zGuanajuato. _91927 |
| 650 | 1 | 4 |
_aLabranza de conservación. _964308 |
| 650 | 1 | 4 |
_aLabranza. _964303 |
| 650 | 1 | 7 |
_aMalas hierbas _xSemillas _2 _970037 |
| 856 |
_3Finding aid _uhttp://10.13.5.2/tesis/103493.pdf _zTeclea aquí |
||
| 901 | _aBK | ||
| 905 | _aMarco A. Mendoza T. | ||
| 942 | _cFOLL | ||
| 942 | _n0 | ||
| 949 |
_aTesis _bBC _cTES _d00000001034931 _eTS1 _gDonaciØn _h45001 _i103493 _sb |
||
| 949 |
_aTesis _bBC _cTES _d33724000998225 _eTS2 _fc.2 _gDonaciØn _h45002 _i103493 _si |
||
| 999 |
_c91954 _d91954 |
||